Essentials of materials science /

Bibliographic Details
Main Author: Guy, Albert G.
Format: Book
Language:English
Published: New York : McGraw-Hill, [1976]
Series:McGraw-Hill series in materials science and engineering.
Subjects:

MARC

Tag First Indicator Second Indicator Subfields
LEADER 00000pam a2200000 i 4500
001 in00000502003
005 20151013061153.0
008 750604s1976 nyua b 00110 eng
010 |a  75017767  
020 |a 007025351X 
035 |a (OCoLC)01502398 
035 |9 ACC9757AM 
040 |a DLC  |c DLC  |d TXA  |d UtOrBLW 
049 |a TXAM  |c [1532510] 
050 0 0 |a TA403  |b .G87 
082 0 |a 620.1/12 
100 1 |a Guy, Albert G. 
245 1 0 |a Essentials of materials science /  |c A. G. Guy. 
264 1 |a New York :  |b McGraw-Hill,  |c [1976] 
264 4 |c ©1976 
300 |a x, 468 pages :  |b illustrations ;  |c 24 cm. 
336 |a text  |b txt  |2 rdacontent 
337 |a unmediated  |b n  |2 rdamedia 
338 |a volume  |b nc  |2 rdacarrier 
490 1 |a McGraw-Hill series in materials science and engineering 
504 |a Includes bibliographies and index. 
650 0 |a Materials. 
830 0 |a McGraw-Hill series in materials science and engineering. 
999 |a MARS 
999 f f |s 1b2d3ffd-0f84-39c6-ac57-b64a544434f8  |i c2490029-4998-3c70-9a45-f954df5cd7f2  |t 0 
952 f f |p ric  |a Texas A&M University  |b Rellis Campus  |c Joint Library Facility  |d Remote Storage  |t 0  |e TA403 .G87  |h Library of Congress classification  |i unmediated -- volume  |m A14805308044 
998 f f |a TA403 .G87  |t 0  |l Remote Storage